000 00500nam a2200181Ia 4500
003 OSt
005 20191227104424.0
008 190216s9999||||xx |||||||||||||| ||und||
040 _coclc
082 _a330.09
_bROL/H
100 _aRoll, Eric
_9823
245 0 _aHistory Of Economic Thought /
_cEric Roll
250 _a4th ed.
260 _bOxford University Press,
_c1975.
_aDelhi:
300 _a626p
650 _aEconomics
942 _cBK
_2ddc
_h330.09
_iROL/H
_k330.09
_mROL/H
999 _c9973
_d9973